Sexum zennum/ (Record no. 41518)
[ view plain ]
| 000 -LEADER | |
|---|---|
| fixed length control field | 00407nam a22001691a 4500 |
| 082 ## - DEWEY DECIMAL CLASSIFICATION NUMBER | |
| Classification number | M3 (FTr.) |
| Item number | LIY/S |
| 100 ## - MAIN ENTRY--AUTHOR NAME | |
| Personal name | Li Yu |
| 245 ## - TITLE STATEMENT | |
| Title | Sexum zennum/ |
| Statement of responsibility, etc | by Li Yu |
| 260 ## - PUBLICATION, DISTRIBUTION, ETC. (IMPRINT) | |
| Place of publication | Calicut: |
| Name of publisher | Pappiyon, |
| Year of publication | 2012. |
| 300 ## - PHYSICAL DESCRIPTION | |
| Number of Pages | 314p. |
| 650 ## - SUBJECT ADDED ENTRY--TOPICAL TERM | |
| Topical Term | Translation Chinese Novel |
| 650 ## - SUBJECT ADDED ENTRY--TOPICAL TERM | |
| Topical Term | Novel Malayalam |
| 650 ## - SUBJECT ADDED ENTRY--TOPICAL TERM | |
| Topical Term | Literature Malayalam |
| 650 ## - SUBJECT ADDED ENTRY--TOPICAL TERM | |
| Topical Term | Literature |
| 700 ## - ADDED ENTRY--PERSONAL NAME | |
| Personal name | Moosakutty N (tr.) |
| 942 ## - ADDED ENTRY ELEMENTS (KOHA) | |
| Koha item type | Book |
| Withdrawn status | Lost status | Damaged status | Not for loan | Permanent Location | Current Location | Date acquired | Cost, normal purchase price | Full call number | Accession Number | Cost, replacement price | Price effective from | Koha item type | Shelving location |
|---|---|---|---|---|---|---|---|---|---|---|---|---|---|
| Sree Sankaracharya University of Sanskrit | Sree Sankaracharya University of Sanskrit | 08.01.2015 | 220.00 | M3(FTr.) LIY/S | 065844 | 0.00 | 08.01.2015 | Book | |||||
| Sree Sankaracharya University of Sanskrit | Sree Sankaracharya University of Sanskrit | 15.04.2017 | 220.00 | M3(FTr.) LIY/S | 083117 | 15.04.2017 | Book | Stacks |